000 00424nam a22001457a 4500
020 _a9788177586411
040 _cNUST
082 _a572.80285 ATT
100 _aAttwood, Teresa K
_991827
110 _aParry-Smith, David J. Phukan, Samiron
_991828
245 _aIntroduction to Bioinformatics
260 _aNEW DELHI:
_bPEARSON EDUCATION,
_c2014.
650 _aMolecular biology-Data processing
_991829
942 _2ddc
_cBK
999 _c589962
_d589962